Competencias en la Educación Superior: Politicas hacia la calidad / Sergio Tabón Tabón (Registro nro. 11547)
[ vista simple ]
| 000 -LEADER | |
|---|---|
| fixed length control field | 00647nam a22002051a 4500 |
| 001 - CONTROL NUMBER | |
| control field | 11547 |
| 003 - CONTROL NUMBER IDENTIFIER | |
| control field | OSt |
| 005 - DATE AND TIME OF LATEST TRANSACTION | |
| control field | 20260204212247.0 |
| 008 - FIXED-LENGTH DATA ELEMENTS--GENERAL INFORMATION | |
| fixed length control field | 130115s2006||||ck ||||||b||||||||||spa|| |
| 020 ## - NUMERO DE LIBRO INTERNACIONAL NORMALIZADO | |
| International Standard Book Number | 9586484254 |
| 050 ## - LIBRARY OF CONGRESS CALL NUMBER | |
| Classification number | 378.16 T556c |
| 100 ## - ASIENTO PRINCIPAL -- NOMBRE PERSONAL | |
| Personal name | Tobón Tobón, Sergio |
| 245 ## - TÍTULO PROPIAMENTE DICHO: SUBTÍTULO | |
| Title | Competencias en la Educación Superior: Politicas hacia la calidad / Sergio Tabón Tabón |
| 264 ## - PRODUCTION, PUBLICATION, DISTRIBUTION, MANUFACTURE, AND COPYRIGHT NOTICE | |
| Place of production, publication, distribution, manufacture | Colombia : Ecoe |
| 300 ## - PHYSICAL DESCRIPTION | |
| Extensión | 220 P |
| 490 ## - MENCIÓN DE SERIE | |
| Series statement | Colección textos universitarios |
| 500 ## - GENERAL NOTE | |
| General note | Incluye bibliografia |
| 650 ## - ASIENTO SECUNDARIO DE MATERIA -- TERMINO TEMÁTICO | |
| Termino Temático Como Elemento de Entrada | Competencia en educación 2. Calidad en educación Superior 3. Educación Superior - ColombiaÌ |
| 942 ## - ADDED ENTRY ELEMENTS (KOHA) | |
| Source of classification or shelving scheme | Dewey Decimal Classification |
| Koha item type | Libros |
| Withdrawn status | Lost status | Source of classification or shelving scheme | Damaged status | Not for loan | Current library | Date acquired | Total Checkouts | Full call number | Barcode | Date last seen | Price effective from | Koha item type |
|---|---|---|---|---|---|---|---|---|---|---|---|---|
| Dewey Decimal Classification | Biblioteca UTECO | 09/09/2019 | 378.16 T556C | 016246 | 09/09/2019 | 09/09/2019 | Libros | |||||
| Dewey Decimal Classification | Biblioteca UTECO | 09/09/2019 | 378.16 T556C | 016247 | 09/09/2019 | 09/09/2019 | Libros | |||||
| Dewey Decimal Classification | Descartado para donación | Biblioteca UTECO | 09/09/2019 | 378.16 T556C | 016248 | 09/09/2019 | 09/09/2019 | Libros |
